|
|
|
|
| LEADER |
01520nam a2200277 i 4500 |
| 001 |
GR-MES2821 |
| 003 |
GR-PaULI |
| 005 |
20240724103646.0 |
| 008 |
991111s1991 gr a g 000 0 gre d |
| 020 |
|
|
|a 96040533353
|
| 040 |
|
|
|a GrPaTEI
|b gre
|c GR-PaULI
|e AACR2
|
| 082 |
0 |
4 |
|2 23
|a 620.004 2
|
| 100 |
1 |
|
|9 11606
|a Παρίκος, Γιώργος Ι.
|e συγγραφέας.
|
| 245 |
1 |
0 |
|a Μηχανολογικό σχέδιο :
|b θεωρία και ασκήσεις : αντικειμενικά τεστ /
|c Γ. Ι. Παρίκου, Ν. Ι. Παρίκου.
|
| 250 |
|
|
|a 4η έκδ.
|
| 260 |
|
|
|a Αθήνα :
|b Ίων,
|c 1991.
|
| 300 |
|
|
|a 208 σ. :
|b εικ. ;
|c 28 εκ.
|
| 500 |
|
|
|a Για σπουδαστές και τεχνικούς στην πράξη.
|
| 504 |
|
|
|a Περιλαμβάνει βιβλιογραφία.
|
| 650 |
|
4 |
|a Μηχανολογικό σχέδιο
|9 205115
|x Προβλήματα, ασκήσεις κλπ.
|
| 700 |
1 |
|
|a Παρίκος, Νίκος Ι.
|9 112635
|e συγγραφέας.
|
| 942 |
|
|
|2 ddc
|c BK
|
| 952 |
|
|
|0 0
|1 0
|2 ddc
|4 0
|6 620_004000000000000_2_ΠΑΡ
|7 0
|9 267281
|a MSLG
|b MSLG
|c BSC
|d 2021-01-17
|e 24
|f 0
|g 0.00
|i 7251
|l 0
|o 620.004 2 ΠΑΡ
|p 2420000007251
|r 2021-01-17 00:00:00
|t 1
|w 2021-01-17
|y BK15
|x 19991111 0 1
|x GrPaTEI
|
| 952 |
|
|
|0 0
|1 4
|2 ddc
|4 0
|6 005_130000000000000_ΚΥΤ
|7 0
|9 320486
|a MSLG
|b MSLG
|c BSC
|d 2021-01-23
|e 24
|f 0
|g 0.00
|i 7293
|l 0
|o 005.13 ΚΥΤ
|p 2420000007293
|r 2021-01-23 00:00:00
|t 2
|w 2021-01-23
|y BK15
|x 19991111 0 1
|x GrPaTEI
|
| 998 |
|
|
|c ΒΑΣΙΛΕΙΟΥ
|d 2024-07
|
| 999 |
|
|
|c 153859
|d 153859
|